00818nam a2200193 a 4500001000400000003000900004008004100013040002800054082001800082100003000100245006600130260005100196300001000247505025700257650004600514650003500560942001200595999001700607805CO-ViMGA141112s2004 ck r 000 u spa d aCO-ViMGAbspacCO-ViMGA04a636.0896 B1751 aBarlough, Jeffrey E9616010aManual de las enfermedades infecciosas en pequeños animales aBuenos Aires : bMedica PanAméricana, c1992 a358 p aPapilomatosis viral canina 23 - - Moquillo canino 55 - - Complejo respiratorio felino 109 - - Brucelosis canica 157 - - Infecciones por microplasmas 196 - - Dermatofitosis 222 - - Blastomicosis 247 - - Leishmaniasis 282 - - Hepatozoonosis 303 - - 331 14aANIMALES - ENFERMEDADES INFECCIOSAS9616114aENFERMEDADES INFECCIOSAS96162 2ddccBK c13041d13041